| 000 | 00487nam a2200193 4500 | ||
|---|---|---|---|
| 003 | LK-CoMWRAF | ||
| 005 | 20231230123106.0 | ||
| 008 | 230909b2001 |||||||| |||| 00| 0 eng d | ||
| 020 | _a075540324X | ||
| 040 |
_aLK-CoMWRAF _dLK-CoMWRAF _eLK-CoMWRAF |
||
| 041 | _aeng | ||
| 082 |
_a823 _bDEV |
||
| 100 | _aDeverell, Christine | ||
| 245 | _aPuss in boots | ||
| 260 |
_aThailand : _bGrandreams books Ltd _c2001 |
||
| 650 | _aShort stories | ||
| 700 |
_aNesbitt, Jan _eills. |
||
| 942 | _cBK | ||
| 999 |
_c3518 _d3518 |
||